书目信息 |
| 题名: |
Visual Basic程序设计
|
|
| 作者: | 沈祥玖 , 郑有增 , 姬秀荔 编著 | |
| 分册: | ||
| 出版信息: | 北京 中国水利水电出版社 2005.03 |
|
| 页数: | 270页 | |
| 开本: | 26cm | |
| 丛书名: | ||
| 单 册: | ||
| 中图分类: | TP312BA | |
| 科图分类: | ||
| 主题词: | BASIC语言--BASIC yu yan--程序设计--高等学校--教材 | |
| 电子资源: | ||
| ISBN: | 978-7-5084-2699-0 | |
| 000 | 01169nam0 2200289 450 | |
| 001 | 012008887754 | |
| 005 | 20080509145026.46 | |
| 010 | @a978-7-5084-2699-0@dCNY26.00 | |
| 100 | @a20080508d2005 em y0chiy0120 ea | |
| 101 | 0 | @achi |
| 102 | @aCN@b110000 | |
| 105 | @aa a 000yy | |
| 106 | @ar | |
| 200 | 1 | @aVisual Basic程序设计@AVisual Basic cheng xu she ji@f沈祥玖 ... [等] 编著@Fshen xiang jiu...[deng]bian zhu |
| 210 | @a北京@c中国水利水电出版社@d2005.03 | |
| 215 | @a270页@c图@d26cm | |
| 300 | @a21世纪高等院校规划教材 | |
| 304 | @a题名页题 : 沈祥玖, 郑有增, 姬秀荔, 徐敏编著 | |
| 320 | @a有书目 | |
| 330 | @a本书通过示例讲述Visual Basic的程序设计方法和应用,同时,全书依据教育部公布的《二级考试大纲(Visual Basic语言程序设计)》关于VB语言程序设计的考试要求,在内容编排、例题题型和讲解、习题布置及本教材实验指导书的实验内容各个方面都作了精心的设计。全书共分12 | |
| 606 | 0 | @aBASIC语言@ABASIC yu yan@x程序设计@x高等学校@j教材 |
| 690 | @aTP312BA@v4 | |
| 701 | 0 | @a沈祥玖@Ashen xiang jiu@4编著 |
| 701 | 0 | @a郑有增@Azheng you zeng@4编著 |
| 701 | 0 | @a姬秀荔@Aji xiu li@4编著 |
| 801 | 0 | @aCN@bQSSK@c20080509 |
| 905 | @b707198-200@dTP312BA@eS422@f3 | |
| Visual Basic程序设计/沈祥玖 ... [等] 编著.-北京:中国水利水电出版社,2005.03 |
| 270页:图;26cm |
| 21世纪高等院校规划教材 |
| ISBN 978-7-5084-2699-0:CNY26.00 |
| 本书通过示例讲述Visual Basic的程序设计方法和应用,同时,全书依据教育部公布的《二级考试大纲(Visual Basic语言程序设计)》关于VB语言程序设计的考试要求,在内容编排、例题题型和讲解、习题布置及本教材实验指导书的实验内容各个方面都作了精心的设计。全书共分12 |
| ● |
| 相关链接 |
|
|
|
正题名:Visual Basic程序设计
索取号:TP312BA/S422
 
预约/预借
| 序号 | 登录号 | 条形码 | 馆藏地/架位号 | 状态 | 备注 |
| 1 | 707198 | 207071988 | 自科库301/301自科库 84排2列2层/ [索取号:TP312BA/S422] | 在馆 | |
| 2 | 707199 | 207071997 | 自科库301/301自科库 84排2列2层/ [索取号:TP312BA/S422] | 在馆 | |
| 3 | 707200 | 207072004 | 自科库301/404自科库 9排4列5层/ [索取号:TP312BA/S422] | 在馆 |